00477nam a22001577a 450000500170000001000130001702000270003003500130005703700260007008200100009610000180010624500780012426000390020230000280024150000500026920110601171356.0 aB-431239 a9788184890778c1295.00 aB-431239 bAllied Publishers/VEN a613.2 aSchmidl, Mary aEssentials of functional foods/cby Mary Schmidl [and] Theodore P. Labuza aNew DelhibSpringer (India) c2009 axv, 395p.c23 cm. (pbk) aIncludes bibliographical references and index